Modern art : impressionism to post-modernism
Αποθηκεύτηκε σε:
| Άλλοι συγγραφείς: | |
|---|---|
| Μορφή: | Βιβλίο |
| Γλώσσα: | English |
| Δημοσίευση: |
London :
Thames & Hudson,
2007.
|
| Θέματα: | |
| Ετικέτες: |
Προσθήκη ετικέτας
Δεν υπάρχουν, Καταχωρήστε ετικέτα πρώτοι!
|
MARC
| LEADER | 00000cam a2200000 i 4500 | ||
|---|---|---|---|
| 001 | 1/63238 | ||
| 008 | 071116s2007 enk| ||| |||| ||eng|| | ||
| 020 | |a 9780500238417 | ||
| 035 | |l 10092334 | ||
| 040 | |a GR-MyUa |b gre |e AACR2 | ||
| 041 | 0 | |a eng | |
| 082 | 7 | |a 709.04 |2 (22) | |
| 245 | 0 | 0 | |a Modern art : |b impressionism to post-modernism / |c edited by David Britt. |
| 260 | |a London : |b Thames & Hudson, |c 2007. | ||
| 300 | |a 416 σ. : |b έχγρ. εικ. ; |c 26 εκ. | ||
| 504 | |a Βιβλιογραφία: σ. [406]-408. Ευρετήριο. | ||
| 650 | 0 | |a Art movements. | |
| 650 | 0 | |a Art, Modern |y 19th century. | |
| 650 | 0 | |a Art, Modern |y 20th century. | |
| 700 | 1 | |a Britt, David, |d 1939- |e edt | |
| 852 | |a INST |b SYROS |e 20071116 |h 709.04 MOD |p 005500006968 |q 005500006968 |t BK |y 0 | ||
| 901 | |a BIBL5-2007-3 | ||
| 922 | |a 5ΕΛΗ |b 200710 |c ΕΠΕΑΕΚ2/ΤΜΣΠΣ |d Παπασωτηρίου | ||
| 970 | |a Κοντού |b Παρασκευή |z 16/11/2007 | ||